Material Management and Concepts/ (Record no. 192409)

MARC details
000 -LEADER
fixed length control field 00602nam a22001937a 4500
005 - DATE AND TIME OF LATEST TRANSACTION
control field 20220921122715.0
010 ## - LCCN (DPL NO)
LC control number ENG-135150
020 ## - INTERNATIONAL STANDARD BOOK NUMBER
Terms of availability 200.00
International Standard Book Number 9789389146417
035 ## - SYSTEM CONTROL NUMBER
System control number EN-118682
037 ## - SOURCE OF ACQUISITION
Source of stock number/acquisition DBAD / PUB
082 ## - DEWEY DECIMAL CLASSIFICATION NUMBER
Classification number 658
100 ## - MAIN ENTRY--PERSONAL NAME
Personal name Chinna, P. Rajan
245 ## - TITLE STATEMENT
Title Material Management and Concepts/
Statement of responsibility, etc P. Rajan Chinna and K. Aravindaraj
260 ## - PUBLICATION, DISTRIBUTION, ETC. (IMPRINT)
Place of publication, distribution, etc Tamil Nadu
Name of publisher, distributor, etc Shanlax
Date of publication, distribution, etc 2019
270 ## - ADDRESS
City Tamil Nadu
Address 61, 66 T.P.K main road vasantha nagar madurai
Postal code 625003
Telephone number 7639303383
300 ## - PHYSICAL DESCRIPTION
Extent 129p.
Dimensions 22cm (pbk).
700 ## - ADDED ENTRY--PERSONAL NAME
Personal name Aravindaraj, K.
942 ## - ADDED ENTRY ELEMENTS (KOHA)
Source of classification or shelving scheme Dewey Decimal Classification
Item type English Books
Call number suffix CHI
Classification part 658
Holdings
Withdrawn status Lost status Not for loan Collection code Home library Current library Date acquired Source of acquisition Cost, normal purchase price Full call number Barcode Cost, replacement price Koha item type
      Non-fiction Bawana Bawana 21/09/2022 DBAD/PUB 200.00 658 CHI EN-118682 200.00 English Books

© Delhi Public Library
Hit Counter
free hit counter